000 00385nam a22001457a 4500
003 SGT
020 _a9788186976975
082 _a346.540 18, SRI
100 _aSRINIVASAN'S,M.N.
245 _aCOMMENTARY ON THE HINDU MINORITY AND GUARDIANSHIP ACT 1956(ACTNO.32OF,1956)
260 _aNEW DELHI
_bDELHI LAW HOUSE
_c2010
300 _a241
650 _a HINDU MINORITY
942 _2ddc
_cBK
999 _c10701
_d10701